Paz o guerra atómica

-д хадгалсан:
Номзүйн дэлгэрэнгүй
Үндсэн зохиолч: Schweitzer, Albert (Зохиогч)
Формат: Ном
Хэл сонгох:испани
Хэвлэсэн: Ciudad de México Fonde de Cultura Económica 1958
Хэвлэл:1a. ed
Нөхцлүүд:
Шошгууд: Шошго нэмэх
Шошго байхгүй, Энэхүү баримтыг шошголох эхний хүн болох!

MARC

LEADER 00000cam a2200000 a 4500
001 UCE4889
003 CL-VaPUC
008 141113e19580000mx |||||||||||||||||spa|d
082 0 4 |a 303.69  |b SCH  |2 21 
100 0 |a Schweitzer, Albert  |e author  |9 346904 
245 1 0 |a Paz o guerra atómica 
250 |a 1a. ed 
300 |a 69 p 
942 |c BK 
945 |d 20141113 14:00:00  |a arojas 
260 |a Ciudad de México  |b Fonde de Cultura Económica  |c 1958 
650 0 |a Energía nuclear   |9 255228 
650 0 |a Guerra  |9 255876 
650 0 |a Paz  |9 259242 
650 7 |a BOMBA ATOMICA  |2 CL-VaPUC  |9 391777 
650 0 |a Discursos   |9 265028 
583 |a last modification  |c 20141113 14:00:00  |k Rodrigo Vera 
999 |c 357745  |d 357743 
952 |0 0  |1 0  |3 erb  |4 0  |6 303_690000000000000_SCH_1958  |7 0  |8 X  |9 465797  |a FDOBUD  |b FDOBUD  |i 5107393  |o 303.69 SCH 1958  |p 5107393  |r 2019-11-23  |w 2019-11-23  |y BK_X  |z Catalogado en:20141113  |k BUD